| 000 | 00638nam a2200217 a 4500 | ||
|---|---|---|---|
| 999 |
_c3592 _d3592 |
||
| 001 | 3592 | ||
| 003 | BD-JhCC | ||
| 005 | 20171115183318.0 | ||
| 008 | 171111s1970 bg |||| |||| 000 0 ben d | ||
| 035 | _a(BD-JhCC)3592 | ||
| 040 |
_aBD-JhCC _dBD-JhCC |
||
| 041 | _aben | ||
| 082 |
_a398.09 _bKHA 1970 |
||
| 100 | _aখাতুন, খোদেজা | ||
| 245 |
_aবগুড়ার লোক-সাহিত্য / _cখোদেজা খাতুন |
||
| 260 |
_aঢাকা : _bবাংলা একাডেমী, _c1970. |
||
| 300 |
_a76 p. : _c21 cm. |
||
| 650 | _aFolk Literature | ||
| 942 |
_2ddc _cBK |
||